The phylogenetic handbook (Registro nro. 314612)

Detalles MARC
000 -ENCABEZADO
Número de control [NR] 01590cam a2200349 a 4500
005 - FECHA Y HORA DE LA ÚLTIMA TRANSACCIÓN
control field 20190826142455.0
008 - DE LONGITUD FIJA DE DATOS DE ELEMENTOS - INFORMACIÓN GENERAL
Elementos de longitud fija [NR] 190826s2009 enkad rf 001 0 eng d
015 ## - NUMERO DE BIBLIOGRAFIA NACIONAL [R]
Número de bibliografía nacional [R] NNN
020 ## - NUMERO INTERNACIONAL NORMALIZADO PARA LIBROS [R]
Número Internacional Normalizado del libro [NR] 0521877105
020 ## - NUMERO INTERNACIONAL NORMALIZADO PARA LIBROS [R]
Número Internacional Normalizado del libro [NR] 9780521730716
040 ## - FUENTE DE CATALOGACION [NR]
Agencia de catalogación original [NR] CO-BoUCM
Idioma de catalogación [NR] spa
Quien Cataloga Saul Niño
Quien Clasifica Saul Niño
041 0# - CODIGO DE IDIOMA [R]
Código de idioma para texto/pista de sonido o título separado [R] Inglés
245 04 - MENCION DE TITULO [NR]
Título [NR] The phylogenetic handbook
Parte restante del título [NR] a practical approach to phylogenetic analysis and hypothesis testing
Mención de responsabilidad, etc. [NR] edited by Philippe Lemey, Marco Salemi and Anne-Mieke Vandamme
250 ## - MENCION DE EDICION [NR]
Mención de edición [NR] Segunda edición
260 ## - PUBLICACION, DISTRIBUCION, ETC. (PIE DE IMPRENTA) [R]
Lugar de publicación, distribución, etc. [R] Cambridge
-- New York
Nombre del editor, distribuidor, etc. [R] Cambridge University Press
Fecha de publicación, distribución, etc. [R] 2009
Fecha de fabricación [R] (impresión 2017)
300 ## - DESCRIPCION FISICA [R]
Extensión [R] xxvi, 723 p.
505 0# - NOTA DE CONTENIDO CON FORMATO PREESTABLECIDO [R]
State manifest and birth record (1764-1977). Introduction. --
Información miscelánea [R] he
State manifest and birth record (1764-1977). industrial revolution in Britain. --
-- Continental emulation. --
-- Closing the gap. --
-- Short breath and second wind. --
Información miscelánea [R] The
State manifest and birth record (1764-1977). interwar years. --
-- Reconstruction and growth since 1945. --
-- Conclusion. --
-- Epilogue.
546 ## - NOTA DE IDIOMA [R]
Nota de idioma [NR] Texto en inglés
650 #7 - ASIENTO SECUNDARIO DE MATERIA - TERMINO TEMATICO [R]
Término temático o nombre geográfico como elemento de entrada [NR] Filogenia
Subdivisión de forma [R] Manuales
9 (RLIN) 15713
650 #7 - ASIENTO SECUNDARIO DE MATERIA - TERMINO TEMATICO [R]
Término temático o nombre geográfico como elemento de entrada [NR] Proteínas
Subdivisión de forma [R] Manuales
9 (RLIN) 22655
650 #0 - ASIENTO SECUNDARIO DE MATERIA - TERMINO TEMATICO [R]
Término temático o nombre geográfico como elemento de entrada [NR] Análisis cladístico
Subdivisión de forma [R] Manuales
9 (RLIN) 98150
650 #7 - ASIENTO SECUNDARIO DE MATERIA - TERMINO TEMATICO [R]
Término temático o nombre geográfico como elemento de entrada [NR] Aminoácidos
Subdivisión general [R] Procesamiento de datos
Subdivisión de forma [R] Manuales
9 (RLIN) 8900
650 #7 - ASIENTO SECUNDARIO DE MATERIA - TERMINO TEMATICO [R]
Término temático o nombre geográfico como elemento de entrada [NR] ADN
Subdivisión general [R] Métodos
Subdivisión de forma [R] Manuales
9 (RLIN) 8629
650 24 - ASIENTO SECUNDARIO DE MATERIA - TERMINO TEMATICO [R]
Término temático o nombre geográfico como elemento de entrada [NR] Análisis de secuencia
Subdivisión general [R] Métodos
Subdivisión de forma [R] Manuales
9 (RLIN) 98154
650 #7 - ASIENTO SECUNDARIO DE MATERIA - TERMINO TEMATICO [R]
Término temático o nombre geográfico como elemento de entrada [NR] Evolución (Biología)
Subdivisión de forma [R] Manuales
9 (RLIN) 15360
650 #0 - ASIENTO SECUNDARIO DE MATERIA - TERMINO TEMATICO [R]
Término temático o nombre geográfico como elemento de entrada [NR] Fenómenos genéticos
9 (RLIN) 86604
700 1# - ASIENTO SECUNDARIO - NOMBRE PERSONAL [R]
Nombre personal [NR] Salemi, Marco
Fechas asociadas con el nombre [NR] 1968-
Término de relación [R] editor
9 (RLIN) 98155
700 1# - ASIENTO SECUNDARIO - NOMBRE PERSONAL [R]
Nombre personal [NR] Vandamme, Anne-Mieke
Fechas asociadas con el nombre [NR] 1960-
Término de relación [R] editor
9 (RLIN) 98156
700 1# - ASIENTO SECUNDARIO - NOMBRE PERSONAL [R]
Nombre personal [NR] Lemey, Philippe
Término de relación [R] editor
9 (RLIN) 98157
942 ## - ELEMENTOS DE ENTRADA AGREGADOS (KOHA)
Sistema de clasificación DEWEY
Tema principal Ciencias puras
Tipo de ítem principal el descrito en 300a Libro de reserva
Edición 1
Clasificación 575.1
Parte restante de la signatura top. P578h
Existencias
Signatura topográfica Código de barras Última vez visto Ejemplar Costo de reposición Price effective from Tipo de ítem Nota pública (OPAC) Perdido Sistema de clasificación Dañado No prestable Tipo de ítem específico Suprimido Ubicación habitual Ubicación actual Localización Fecha de creación Proveedor Forma de adquisición Costo Fecha de último préstamo Total préstamos
575.1 P578h 100163155 12/12/2025 Ej.1 176231.00 23/08/2019 Libro Spot Ciencias Naturales   DEWEY     Libro   Quinta de Mutis Quinta de Mutis 3er piso 23/08/2019 15 Compra 176231.00    
575.1 P578h 100163156 12/12/2025 Ej.2 176231.00 23/08/2019 Libro Spot Ciencias Naturales   DEWEY     Libro   Quinta de Mutis Quinta de Mutis 3er piso 23/08/2019 15 Compra 176231.00 28/08/2019 1